ESSENTIALS OF HUMAN RESOURCE MANGEMNTE AND LNDUSTRIL REIATIONS (Record no. 23393)

MARC details
000 -LEADER
fixed length control field 00427nam a22001697a 4500
003 - CONTROL NUMBER IDENTIFIER
control field OSt
005 - DATE AND TIME OF LATEST TRANSACTION
control field 20211222103719.0
008 - FIXED-LENGTH DATA ELEMENTS--GENERAL INFORMATION
fixed length control field 211222b |||||||| |||| 00| 0 eng d
020 ## - INTERNATIONAL STANDARD BOOK NUMBER
International Standard Book Number 9789350975459
040 ## - CATALOGING SOURCE
Transcribing agency hu
082 ## - DEWEY DECIMAL CLASSIFICATION NUMBER
Classification number 658,3
100 ## - MAIN ENTRY--PERSONAL NAME
Personal name P, SUBBA RAO
9 (RLIN) 24224
245 ## - TITLE STATEMENT
Title ESSENTIALS OF HUMAN RESOURCE MANGEMNTE AND LNDUSTRIL REIATIONS
260 ## - PUBLICATION, DISTRIBUTION, ETC.
Place of publication, distribution, etc. NEW ENLDI
Name of publisher, distributor, etc. HALL
Date of publication, distribution, etc. 2016
300 ## - PHYSICAL DESCRIPTION
Extent 685
942 ## - ADDED ENTRY ELEMENTS (KOHA)
Source of classification or shelving scheme Dewey Decimal Classification
Koha item type Books like text book referance book
Suppress in OPAC No
Holdings
Withdrawn status Lost status Source of classification or shelving scheme Damaged status Not for loan Home library Current library Shelving location Date acquired Total Checkouts Full call number Barcode Date last seen Copy number Price effective from Koha item type
    Dewey Decimal Classification     Social Library Social Library General Stacks 12/22/2021   658,3/RAO SHLIB 00012693 12/22/2021 C1 12/22/2021 Books like text book referance book